Central Library OPAC University of Rajshahi
Normal view MARC view

Entry Personal Name

Number of records used in: 1

001 - CONTROL NUMBER

  • control field: 10655

003 - CONTROL NUMBER IDENTIFIER

  • control field: BD-RjUL

005 - DATE AND TIME OF LATEST TRANSACTION

  • control field: 20231221143106.0

008 - FIXED-LENGTH DATA ELEMENTS

  • fixed length control field: 231221|| aca||aabn | a|a d

040 ## - CATALOGING SOURCE

  • Original cataloging agency: BD-RjUL
  • Transcribing agency: BD-RjUL

100 ## - HEADING--PERSONAL NAME

  • Personal name: ابن حجر الهيثمي، احمد بن محمد،
  • Dates associated with a name: 1503-1566

670 ## - SOURCE DATA FOUND

  • Source citation: Work cat.: (BD-RjUL)82519: دحلان، احمد بن زيني، 1816-1886 10654, خلاصة الكلام في بيان امراء البلد الحرام /khulasat alkalam fi bayan amaraa' albalad alharam /, 1981.